Mecánica vectorial para ingenieros: estática
Saved in:
| Main Authors: | , , |
|---|---|
| Format: | Bog |
| Sprog: | spansk |
| Udgivet: |
Cuernavaca
McGraw-Hill
2017
|
| Udgivelse: | 11a. ed |
| Fag: | |
| Tags: |
Tilføj Tag
Ingen Tags, Vær først til at tagge denne postø!
|
MARC
| LEADER | 00000cam a2200000 a 4500 | ||
|---|---|---|---|
| 001 | UCC8945 | ||
| 003 | CL-VaPUC | ||
| 008 | 190830e20170000mx |||||||||||||||||spa|d | ||
| 020 | |a 9781456255275 | ||
| 082 | 0 | 4 | |a 620.1 |b BEE |2 21 |
| 100 | 0 | |a Beer, Ferdinand Pierre |e author |9 603648 | |
| 700 | 0 | |a Johnston, E. Russell |e author |9 603649 | |
| 700 | 0 | |a Mazurek, David F |e author |9 603650 | |
| 245 | 1 | 0 | |a Mecánica vectorial para ingenieros: estática |
| 250 | |a 11a. ed | ||
| 300 | |a 535 p | ||
| 942 | |c BK | ||
| 945 | |d 20190830 10:52:00 |a dcastane | ||
| 260 | |a Cuernavaca |b McGraw-Hill |c 2017 | ||
| 650 | 0 | |a Mecánica vectorial |9 547488 | |
| 650 | 0 | |a Estática |9 260452 | |
| 650 | 0 | |a Dinámica |9 260136 | |
| 583 | |a last modification |c 20190830 10:52:00 |k Rodrigo Vera | ||
| 999 | |c 375140 |d 375138 | ||
| 952 | |0 0 |1 0 |3 erb |4 0 |6 620_100000000000000_BEE_2017 |7 0 |8 R |9 494046 |a BIBMEC |b BIBMEC |i 5596734 |l 4 |o 620.1 BEE 2017 |p 5596734 |r 2024-11-25 |s 2024-11-22 |w 2019-11-24 |y BK_R |z Catalogado en:20190830 |k MEC | ||
| 952 | |0 0 |1 0 |3 erb |4 0 |6 620_100000000000000_BEE_2017 |7 0 |8 R |9 494047 |a BIBMEC |b BIBMEC |i 5596742 |l 3 |o 620.1 BEE 2017 |p 5596742 |r 2024-01-19 |s 2023-11-09 |w 2019-11-24 |y BK_R |z Catalogado en:20190830 |k MEC | ||
| 952 | |0 0 |1 0 |3 erb |4 0 |6 620_100000000000000_BEE_2017 |7 0 |8 R |9 494048 |a BIBMEC |b BIBMEC |i 5596750 |o 620.1 BEE 2017 |p 5596750 |r 2024-01-19 |w 2019-11-24 |y BK_R |z Catalogado en:20190830 |k MEC | ||